| 000 | 00691ata a2200265 4500 | ||
|---|---|---|---|
| 005 | 20240502175031.0 | ||
| 008 | 150227b2006 xxu||||| |||| 00| 0 eng d | ||
| 020 | _a9968954322 | ||
| 041 | _aESP | ||
| 082 | _a500.078 L579s | ||
| 100 |
_aLeón Castellá, Alejandra _99666 |
||
| 245 | _aSesenta y siete (67) experimentos divertidos y una guía del método científico | ||
| 250 | _a2 edición | ||
| 260 | _aCosta Rica | ||
| 260 | _bFundación Cientec | ||
| 260 | _c2006 | ||
| 300 | _a77 páginas | ||
| 650 | _aEXPERIMENTOS | ||
| 650 | _aPROYECTOS CIENTÍFICOS | ||
| 650 | _aEDUCACIÓN | ||
| 650 | _aBIOLOGÍA | ||
| 650 | _aFÍSICA | ||
| 650 | _aQUÍMICA | ||
| 942 |
_cBK _2ddc |
||
| 999 |
_c3424 _d3424 |
||